Meranie teploty kvapaliny v rôznych hĺbkach pomocou mikrokontroléra
Na minha lista:
| Autor principal: | |
|---|---|
| Outros Autores: | |
| Formato: | Manuscrito Livro |
| Idioma: | eslovaco |
| Publicado em: |
2023
|
| Assuntos: | |
| Acesso em linha: | http://is.stuba.sk/zp/portal_zp.pl?podrobnosti=162241 |
| Tags: |
Sem tags, seja o primeiro a adicionar uma tag!
|
MARC
| LEADER | 00000ntm a22000003a 4500 | ||
|---|---|---|---|
| 001 | stuzp93278 | ||
| 003 | SK-STU | ||
| 005 | 20230909214525.5 | ||
| 007 | ta | ||
| 008 | 150427s2015----xo-----f-mn---000-0-slo-d | ||
| 040 | |a STU |b slo | ||
| 041 | 0 | |a slo | |
| 100 | 1 | |a Púdela, Lukáš |u 066000 |4 aut |U MTF Materiálovotechnologická fakulta |T MTF Ústav aplikovanej informatiky, automatizácie a mechatroniky |X 110460 |U M6000 |Y 86 |7 110460 | |
| 242 | 0 | 1 | |a Measuring liquid temperature at different depths using a microcontroller |y eng |
| 245 | 1 | 0 | |a Meranie teploty kvapaliny v rôznych hĺbkach pomocou mikrokontroléra |
| 260 | |c 2023 | ||
| 650 | 4 | |a Mikrokontroléry |2 slo | |
| 650 | 4 | |a MicroPython |2 slo | |
| 650 | 4 | |a ESP32 |2 slo | |
| 650 | 4 | |a DS18B20 |2 slo | |
| 650 | 4 | |a Thonny IDE |2 slo | |
| 650 | 4 | |a pasterizácia mlieka |2 slo | |
| 650 | 4 | |a Microcontrollers |2 eng | |
| 650 | 4 | |a MicroPython |2 eng | |
| 650 | 4 | |a Thonny IDE |2 eng | |
| 650 | 4 | |a ESP32 |2 eng | |
| 650 | 4 | |a DS18B20 |2 eng | |
| 650 | 4 | |a milk pasteurization |2 eng | |
| 700 | 1 | |a Střelec, Peter |u 066000 |k Z8 |4 ths |U MTF Materiálovotechnologická fakulta |T MTF Ústav aplikovanej informatiky, automatizácie a mechatroniky |X 14705 |U M6000 |Y 86 |7 14705 | |
| 856 | 4 | |u http://is.stuba.sk/zp/portal_zp.pl?podrobnosti=162241 | |
| 996 | |c M* BP-9664 |l MMSKP |s P |a 0 |w stuzp93278_0001 | ||